| 000 | 00465nam a2200157 4500 | ||
|---|---|---|---|
| 999 |
_c507281 _d507281 |
||
| 008 | 190208b ||||| |||| 00| 0 eng d | ||
| 100 |
_aAntecol, Heather _91306 |
||
| 245 |
_aEqual but inequitablke: _bwho benefits from gender-neutral tenure clock stopping policies? |
||
| 260 | _c2018 | ||
| 300 | _ap.2420-2441. | ||
| 700 |
_aBedard, Kelly _91307 |
||
| 700 |
_aStearns, Jenna _91308 |
||
| 773 | _aAmerican Economic Review | ||
| 906 | _aWomen | ||
| 942 |
_2ddc _cAR |
||